000 00660nam a2200277Ia 4500
005 20260324150349.0
008 008 260324s9999 xx 000 0 eng d
020 _a9781351111393
037 _aEBOOK
040 _aCRL
040 _beng
040 _cCRL
041 _2eng
041 _aeng
084 _qCRL
100 _aDouglas Pidgeon; Alfred Yates
_91226160
245 3 _aAn Introduction to Educational Measurement
260 _bTaylor and Francis
260 _c1968
365 _a
365 _b170
856 _uhttp://www.taylorfrancis.com/books/9781351111393
942 _cEBOOK
999 _c1835489
_d1835489